000 00553nam a2200181 i 4500
001 149469
003 ES-MaACL
005 20251005063117.0
007 t|
008 071022s1973 sp ||||1| spa d
100 1 _aVázquez, Jesús María,
_d1923-
_9151167
245 1 4 _aLos religiosos españoles, hoy
_b: (estudio sociológico) /
_cJesús María Vázquez.
250 _a[1ª ed.].
260 _aMadrid :
_bOrganización Sala,
_c[1973]
300 _a247 p. ;
_c24 cm.
852 _aES-MaACL
_jC-53834
_bR.86905
999 _c149469
_d149469